Professional Pactice for Landscape Architects / (Record no. 162391)

MARC details
000 -LEADER
fixed length control field 00859nam a2200265 a 4500
008 - FIXED-LENGTH DATA ELEMENTS--GENERAL INFORMATION
fixed length control field
020 ## - INTERNATIONAL STANDARD BOOK NUMBER
International Standard Book Number 075064818X (pbk.)
049 ## - LOCAL HOLDINGS (OCLC)
Holding library MAIN
090 ## - LOCALLY ASSIGNED LC-TYPE CALL NUMBER (OCLC); LOCAL CALL NUMBER (RLIN)
Classification number (OCLC) (R) ; Classification number, CALL (RLIN) (NR) SB469.386
Local cutter number (OCLC) ; Book number/undivided call number, CALL (RLIN) GAR
003 - CONTROL NUMBER IDENTIFIER
control field
005 - DATE AND TIME OF LATEST TRANSACTION
control field 20230123134232.0
040 ## - CATALOGING SOURCE
Transcribing agency NUST
100 1# - MAIN ENTRY--PERSONAL NAME
Personal name Garmory, Nicola.
245 10 - TITLE STATEMENT
Title Professional Pactice for Landscape Architects /
Statement of responsibility, etc. Nicola Garmory, Rachel Tennant and Clare Winsch.
260 ## - PUBLICATION, DISTRIBUTION, ETC.
Place of publication, distribution, etc. Oxford :
Name of publisher, distributor, etc. Architectural Press,
Date of publication, distribution, etc. 2002.
300 ## - PHYSICAL DESCRIPTION
Extent vii, 182 p. ;
Dimensions 22 cm.
500 ## - GENERAL NOTE
General note Includes index.
650 ## - SUBJECT ADDED ENTRY--TOPICAL TERM
Topical term or geographic name entry element Landscape architecture
General subdivision Practice
-- Great Britain
650 ## - SUBJECT ADDED ENTRY--TOPICAL TERM
Topical term or geographic name entry element Planning
General subdivision Law and legislation
-- Great Britain
650 #1 - SUBJECT ADDED ENTRY--TOPICAL TERM
Topical term or geographic name entry element Landscape architecture
General subdivision Great Britain
700 ## - ADDED ENTRY--PERSONAL NAME
Personal name Winsch, Clare
700 ## - ADDED ENTRY--PERSONAL NAME
Personal name Tennant, Rachel
907 ## - LOCAL DATA ELEMENT G, LDG (RLIN)
a .b10209104
b 24-05-13
c 07-08-06
942 ## - ADDED ENTRY ELEMENTS (KOHA)
Koha item type Ordinary Loan Books
Call number prefix SB469.386
Call number suffix GAR
Holdings
Date last seen Total Checkouts Full call number Barcode Cost, replacement price Price effective from Koha item type Lost status Source of classification or shelving scheme Damaged status Not for loan Collection Withdrawn status Home library Current library Shelving location Date acquired Cost, normal purchase price
01/23/2023   SB469.386 GAR 92003025399 80.00 01/23/2023 BOOKS   LCC     NFIC   MAIN MAIN GEN 01/23/2023 80.00